Fundamentals of programming: (Record no. 4290)
[ view plain ]
| 000 -LEADER | |
|---|---|
| fixed length control field | 00574nam a22001817a 4500 |
| 003 - CONTROL NUMBER IDENTIFIER | |
| control field | OSt |
| 005 - DATE AND TIME OF LATEST TRANSACTION | |
| control field | 20250826083937.0 |
| 008 - FIXED-LENGTH DATA ELEMENTS--GENERAL INFORMATION | |
| fixed length control field | 250826b |||||||| |||| 00| 0 eng d |
| 020 ## - INTERNATIONAL STANDARD BOOK NUMBER | |
| International Standard Book Number | 971-547-211-7. |
| 040 ## - CATALOGING SOURCE | |
| Original cataloging agency | DWCL-Main lib |
| Transcribing agency | OC |
| 082 ## - DEWEY DECIMAL CLASSIFICATION NUMBER | |
| Classification number | Fil. 005.362 Al13f 2003 |
| 100 ## - MAIN ENTRY--PERSONAL NAME | |
| Personal name | Albacea, Elieza A. |
| 245 ## - TITLE STATEMENT | |
| Title | Fundamentals of programming: |
| Remainder of title | problem solving in C/ |
| Statement of responsibility, etc. | Elieza A. Albacea |
| 260 ## - PUBLICATION, DISTRIBUTION, ETC. | |
| Place of publication, distribution, etc. | Philippines: |
| Name of publisher, distributor, etc. | UPLB Foundation Inc., |
| Date of publication, distribution, etc. | c2003. |
| 300 ## - PHYSICAL DESCRIPTION | |
| Extent | 225 p. ; |
| Dimensions | 26 cm. |
| 650 ## - SUBJECT ADDED ENTRY--TOPICAL TERM | |
| Topical term or geographic name entry element | 1. Programming (Computer Application). |
| 942 ## - ADDED ENTRY ELEMENTS (KOHA) | |
| Source of classification or shelving scheme | Dewey Decimal Classification |
| Koha item type | Book-Filipiniana |
| Call number prefix | Fil. |
| Suppress in OPAC | No |
| 952 ## - LOCATION AND ITEM INFORMATION (KOHA) | |
| -- | |
| 952 ## - LOCATION AND ITEM INFORMATION (KOHA) | |
| -- | |
| 952 ## - LOCATION AND ITEM INFORMATION (KOHA) | |
| -- | |
| Withdrawn status | Lost status | Source of classification or shelving scheme | Damaged status | Not for loan | Home library | Current library | Shelving location | Date acquired | Total Checkouts | Full call number | Barcode | Date last seen | Copy number | Price effective from | Koha item type | Uniform Resource Identifier |
|---|---|---|---|---|---|---|---|---|---|---|---|---|---|---|---|---|
| Dewey Decimal Classification | College Library | College Library | Filipiniana | 08/25/2004 | Fil. 005.362 Al13f 2003 | 40990 | 08/26/2025 | c3 | 08/26/2025 | BK - FIL | ||||||
| Dewey Decimal Classification | College Library | College Library | Filipiniana | 08/25/2004 | Fil. 005.362 Al13f 2003 | 40989 | 08/26/2025 | c2 | 08/26/2025 | BK - FIL | ||||||
| Dewey Decimal Classification | College Library | College Library | Filipiniana | 08/25/2004 | Fil. 005.362 Al13f 2003 | 40988 | 08/26/2025 | c1 | 08/26/2025 | BK - FIL |